Hybrid Media Events: The Charlie Hebdo Attacks and the Global Circulation of Terrorist Violence (Record no. 60118)

MARC details
000 -LEADER
fixed length control field 01206nam a22003017a 4500
005 - DATE AND TIME OF LATEST TRANSACTION
control field 20260203124734.0
008 - FIXED-LENGTH DATA ELEMENTS--GENERAL INFORMATION
fixed length control field 260203b |||||||| |||| 00| 0 eng d
020 ## - INTERNATIONAL STANDARD BOOK NUMBER
International Standard Book Number 978-1-78714-851-2
050 ## - LIBRARY OF CONGRESS CALL NUMBER
Classification number P96.T47
Item number S86 2018
100 ## - MAIN ENTRY--PERSONAL NAME
Personal name Sumiala, Johanna
245 ## - TITLE STATEMENT
Title Hybrid Media Events: The Charlie Hebdo Attacks and the Global Circulation of Terrorist Violence
260 ## - PUBLICATION, DISTRIBUTION, ETC. (IMPRINT)
Place of publication, distribution, etc Bingley, UK
Name of publisher, distributor, etc Emerald Publishing Limited
Date of publication, distribution, etc 2018
300 ## - PHYSICAL DESCRIPTION
Extent xix, 156 p. :
Other physical details illustrations ;
Dimensions 24 cm
500 ## - GENERAL NOTE
General note Includes bibliographical references (pages 135-148) and index.
650 ## - SUBJECT ADDED ENTRY--TOPICAL TERM
Topical term or geographic name as entry element Digital media
General subdivision Social aspects.
650 ## - SUBJECT ADDED ENTRY--TOPICAL TERM
Topical term or geographic name as entry element Terrorism and mass media.
650 ## - SUBJECT ADDED ENTRY--TOPICAL TERM
Topical term or geographic name as entry element Terrorism in mass media.
650 ## - SUBJECT ADDED ENTRY--TOPICAL TERM
Topical term or geographic name as entry element Mass media
General subdivision Political aspects.
650 ## - SUBJECT ADDED ENTRY--TOPICAL TERM
Topical term or geographic name as entry element Charlie Hebdo Attack
General subdivision Paris, France
Chronological subdivision 2015.
650 ## - SUBJECT ADDED ENTRY--TOPICAL TERM
Topical term or geographic name as entry element Mass media and world politics.
650 ## - SUBJECT ADDED ENTRY--TOPICAL TERM
Topical term or geographic name as entry element War on Terrorism, 2001-2009, in mass media.
650 ## - SUBJECT ADDED ENTRY--TOPICAL TERM
Topical term or geographic name as entry element Digital communications.
700 ## - ADDED ENTRY--PERSONAL NAME
Personal name Valaskivi, Katja
Relator term Author
700 ## - ADDED ENTRY--PERSONAL NAME
Personal name Tikka, Minttu
Relator term Author
700 ## - ADDED ENTRY--PERSONAL NAME
Personal name Huhtama, Jukka
Relator term Author
856 ## - ELECTRONIC LOCATION AND ACCESS
Uniform Resource Identifier https://www.emerald.com/books/monograph/11273/Hybrid-Media-EventsThe-Charlie-Hebdo-Attacks-and?searchresult=1
942 ## - ADDED ENTRY ELEMENTS (KOHA)
Source of classification or shelving scheme Library of Congress Classification
Item type E-book
Holdings
Withdrawn status Lost status Source of classification or shelving scheme Damaged status Not for loan Home library Current library Date acquired Total Checkouts Full call number Date last seen Uniform Resource Identifier Price effective from Koha item type
    Library of Congress Classification   Not For Loan Nairobi Campus Nairobi Campus 03/02/2026   P96.T47 S86 2018 03/02/2026 https://www.emerald.com/books/monograph/11273/Hybrid-Media-EventsThe-Charlie-Hebdo-Attacks-and?searchresult=1 03/02/2026 E-book